Normal view
MARC view
- Economics, a general textbook for students
Entry Topical Term
001 - CONTROL NUMBER
- control field: 109691
003 - CONTROL NUMBER IDENTIFIER
- control field: NUST
005 - DATE AND TIME OF LATEST TRANSACTION
- control field: 20230301145217.0
008 - FIXED-LENGTH DATA ELEMENTS
- fixed length control field: 230301|| aca||aabn | a|a d
040 ## - CATALOGING SOURCE
- Original cataloging agency: NUST
- Transcribing agency: NUST
150 ## - HEADING--TOPICAL TERM
- Topical term or geographic name entry element: Economics, a general textbook for students
670 ## - SOURCE DATA FOUND
- Source citation: Work cat.: (NUST)184470: Benham, Frederic Charles, 109690, Economics,, 1943
